00312nam a2200109 a 4500008004100000050002000041245005100061246001900112260004000131300002200171350000900193120416s1966 ||||||||||||||||| || u aTK 7872.T73 Cha10aCharacteristics and limitations of transistors aR. D. Thornton aNew YorkbJohn Wiley and Sonsc1966 axii, 180p. : ill. a0.00